Responses for show #6421 - Monday, July 16, 2012

Contestants

[<< previous game]

Matt Collins, a graduate student in economic policy from Cambridge, Massachusetts

Blythe Rodgers, an attorney from Washington, D.C.

Liza Veeneman, a retired software developer from Aliso Viejo, California (whose 1-day cash winnings total $12,800)

[next game >>]

Jeopardy! Round responses

NO. 1 AT THE BOX OFFICE
MAKING THE GRADE
AFFIX THE SUFFIX
"A"-LIST LITERARY CHARACTERS
GEOMETRY
PROTESTING TIPS & ETIQUETTE
    $200 1
(Blythe: ...Oh...)

Toy Story

BlytheMatt
    $200 21
motor oil

Liza
    $200 16
(Alex: Okay, we'll accept that. We want you to give us what you're adding.)

-en (oxen accepted)

Blythe
    $200 13
Achilles

Matt
    $200 6
plane geometry

Liza
    $200 7
pepper spray

Blythe
    $400 2
Tron: Legacy

Liza
    $400 23
coal

Matt
    $400 17
(Liza: What is I-Z-E, -ize?)

-ly

LizaBlythe
    $400 27
Antonia

Liza
    $400 9
a ray

Blythe
    $400 8
a staple gun

Liza
    $600 3
Saving Private Ryan

Liza
    $800 24
a tornado

Matt
    $600 18
-able

Matt
    $600 28
Aramis

Blythe
    $600 10
a hypotenuse

Liza
    $600 14
microphone

Blythe
    $800 4
Beverly Hills Cop

Blythe
    $800 26
(Liza: What is "A"?)

prime

Liza
Triple Stumper
    $800 19
-ize

Matt
    $800 29
Aslan

Matt
    $800 11
a cone

Blythe
    $800 15
(Blythe: What is"Tent"?)

"Sleeping Bag"

Blythe
Triple Stumper
    $1000 5
High School Musical

Triple Stumper
    $1000 25
bond paper

Matt
    $1000 20
-ity

Triple Stumper
    $1000 30
(Liza: Who is Aragon?)
(Alex: [*], yes. No.
Oh, my bad. Uh, I'm informed that you left off the "R". It's [*], and I gave it away, didn't I? Bad.)

Aragorn

Liza
Triple Stumper
    $1000 12
congruent

Liza
    $1000 22
free speech zones

Matt

Scores at the first commercial break (after clue 15):

Liza Blythe Matt
$3,200 $1,800 $400

Scores at the end of the Jeopardy! Round:

Liza Blythe Matt
$1,600 $3,000 $5,800

Double Jeopardy! Round responses

I'M ON THE CASE
NEIGHBORS OF NIGER
SINGING SOLO
THE QUOTABLE NIETZSCHE
CALIFORNIA GIRLS
WHATEVER
    $400 7
(Blythe: Who is John Jay?)

(John) Marshall

BlytheMatt
    $400 18
Algeria

Blythe
    $400 3
Paul Simon

Liza
    $400 12
Christianity

Blythe
    $400 1
Patty Hearst

Blythe
    $400 23
(Alex: Right, with less than a minute to go.)

casual

Matt
    $800 8
(Ernesto) Miranda

Matt
    $800 19
Nigeria

Blythe
    $800 14
Beyoncé

Blythe
    $800 13
(Blythe: Who are Adam and Eve?)
(Matt: Who are men?)

women

LizaBlytheMatt
    $800 2
Shirley Temple

Matt
    $2,000 9
(John) Scopes

Matt
    $3,000 20
Libya

Blythe
    $1200 15
Sting

Liza
    $1200 28
[The end-of-round signal sounds.]

soul

Triple Stumper
    $1200 4
Tokyo Rose

Liza
    $1200 26
disinterested

Blythe
    $1600 10
Sacco & Vanzetti

Blythe
    $1600 21
Volta

Blythe
    $1600 16
Belinda Carlisle

Liza
    $1600 27
superman

Triple Stumper
    $1600 5
Julia Child

Matt
    $1600 25
jaded

Liza
    $2000 11
Plessy

Matt
    $2000 22
Chad

Blythe
    $2000 17
John Fogerty

Blythe
    $2000 6
Amy Tan

Blythe
    $2000 24
lackadaisical

Blythe

Scores at the end of the Double Jeopardy! Round:

Liza Blythe Matt
$8,400 $20,000 $13,000

[wagering suggestions for these scores]

Final Jeopardy! Round responses

INVESTIGATIVE JOURNALISTS
LizaWhat is Bully?
$8,400
MattWhat is Bully?
$10,000
BlytheWhat is Bully?
$6,001
muckraking

Final scores:

Liza Blythe Matt
$0 $13,999 $3,000
3rd place: $1,000 New champion: $13,999 2nd place: $2,000

Game dynamics:

Coryat scores:

Liza Blythe Matt
$8,400 $18,200 $12,000
14 R,
3 W
21 R
(including 1 DD),
4 W
16 R
(including 2 DDs),
1 W

Combined Coryat: $38,600

The J! Archive is created by fans, for fans. The Jeopardy! game show and all elements thereof, including but not limited to copyright and trademark thereto, are the property of Jeopardy Productions, Inc. and are protected under law. This website is not affiliated with, sponsored by, or operated by Jeopardy Productions, Inc. Join the discussion at JBoard.tv.